[Event "DSOL 08 Liga Gr-A 1st"]
[Site "Playchess.com INT"]
[Date "2020.08.12"]
[Round "2.3"]
[White "Pavlov Erbis, Alexej"]
[Black "Vesszoe, Aaron"]
[Result "0-1"]
[WhiteElo "792"]
[BlackElo "951"]
[PlyCount "164"]
[EventDate "2020.06.22"]
[EventType "team-tourn (rapid)"]
[EventCountry "GER"]
[SourceTitle "EXT 2021"]
[Source "ChessBase"]
[SourceDate "2020.10.23"]
[SourceVersion "1"]
[SourceVersionDate "2020.10.23"]
[SourceQuality "1"]
[WhiteTeam "Alzenau Koenigsspringer III"]
[BlackTeam "Paderborn Akademie II"]
[WhiteTeamCountry "GER"]
[BlackTeamCountry "GER"]

1. e4 e6 2. d4 d5 3. exd5 exd5 4. Bd3 Bd6 5. Ne2 Ne7 6. c3 Nbc6 7. 0-0 Be6 8. Bf4 h6 9. Nd2 g5 10. Bxd6 Qxd6 11. Ng3 0-0-0 12. Re1 f5 13. Qe2 Bd7 14. h3 f4 15. Nh5 Bf5 16. Bxf5+ Nxf5 17. Qg4 Qg6 18. Nxf4 Qf7 19. Nd3 h5 20. Qf3 Rde8 21. g4 Nd6 22. Qxf7 Rxe1+ 23. Rxe1 Nxf7 24. f3 hxg4 25. hxg4 b6 26. Kg2 a5 27. Kg3 Kd7 28. a3 Kd6 29. Nf2 b5 30. Nb3 a4 31. Nc5 Ncd8 32. Re2 c6 33. Re1 Rh7 34. Kg2 Rh8 35. Re3 Rh6 36. Kg3 Rh8 37. b3 axb3 38. Nxb3 Ne6 39. Nd3 Ra8 40. f4 gxf4+ 41. Nxf4 Nxf4 42. Kxf4 Rxa3 43. Nc5 Nd8 44. g5 Ra7 45. g6 Re7 46. Rxe7 Kxe7 47. Kg5 Kf8 48. Nd7+ Kg7 49. Nf6 Ne6+ 50. Kh5 Nf4+ 51. Kg5 Nxg6 52. Ne8+ Kf7 53. Nd6+ Kg7 54. Nf5+ Kf7 55. Nh6+ Kg7 56. Nf5+ Kh7 57. Nh4 Nxh4 58. Kxh4 Kg6 59. Kg3 Kf5 60. Kf3 Ke6 61. Ke3 Kd6 62. Kd3 c5 63. dxc5+ Kxc5 64. Kc2 Kc4 65. Kb2 b4 66. cxb4 Kxb4 67. Kc2 Kc4 68. Kd2 d4 69. Ke2 Kc3 70. Ke1 Kd3 71. Kd1 Ke3 72. Kc1 d3 73. Kd1 d2 74. Kc2 Ke2 75. Kb2 d1Q 76. Kc3 Qd3+ 77. Kb4 Qc2 78. Kb5 Kd3 79. Kb4 Qc4+ 80. Ka5 Qb3 81. Ka6 Kc4 82. Ka5 Qb5# 0-1